[Event "XIX Festival A"]
[Site "Arco ITA"]
[Date "2007.10.20"]
[Round "1"]
[White "Coqueraut, Jean Dominique"]
[Black "Giaracuni, Claudio"]
[Result "1/2-1/2"]
[WhiteElo "2061"]
[BlackElo "1759"]
[PlyCount "112"]
[EventDate "2007.10.20"]

1. d4 d5 2. c4 e6 3. Nc3 Nf6 4. Nf3 Nbd7 5. Bg5 Be7 6. e3 O-O 7. Rc1 c6 8. cxd5
exd5 9. Bd3 Re8 10. O-O Nf8 11. Re1 Ng6 12. Bxg6 hxg6 13. Ne5 Ne4 14. Bxe7 Nxc3
15. Bxd8 Nxd1 16. Rexd1 Rxd8 17. b4 a6 18. Rc3 g5 19. Rdc1 f6 20. Nd3 Rd6 21.
Nc5 Kf7 22. f3 g6 23. Kf2 Ke7 24. a3 Kf7 25. Rh1 Rd8 26. g3 Kg7 27. h4 gxh4 28.
Rxh4 f5 29. f4 Rh8 30. Rxh8 Kxh8 31. a4 Kg7 32. a5 Rb8 33. Rc1 Kf6 34. Nd3 Be6
35. Rh1 Kg7 36. Rc1 Kf6 37. Kg2 Kg7 38. Ne5 Kf6 39. Rc2 Kg7 40. Kf3 Kf6 41. Rh2
Kg7 42. Rc2 Kf6 43. Nd3 Rh8 44. Kg2 Rb8 45. Rc1 Kg7 46. Ne5 Kf6 47. Kf3 Rh8 48.
Kg2 Rb8 49. Nf3 Kg7 50. Ng5 Bg8 51. Kf3 Re8 52. Rc2 Kf6 53. Kf2 Re7 54. Nf3 Be6
55. Rc1 Kg7 56. Ng5 Bg8 1/2-1/2

[Event "XIX Festival A"]
[Site "Arco ITA"]
[Date "2007.10.20"]
[Round "1"]
[White "Coqueraut, Lodewyk"]
[Black "Isonzo, David"]
[Result "0-1"]
[WhiteElo "1926"]
[BlackElo "2339"]
[PlyCount "72"]
[EventDate "2007.10.20"]

1. d4 Nf6 2. c4 g6 3. Nc3 Bg7 4. e4 O-O 5. Be3 d6 6. f3 Nc6 7. Qd2 Re8 8. O-O-O
a6 9. g4 e5 10. d5 Nd4 11. h4 c6 12. Kb1 cxd5 13. cxd5 Bd7 14. h5 Rc8 15. hxg6
fxg6 16. Bd3 Re7 17. Bxd4 exd4 18. Nce2 Qb6 19. g5 Nh5 20. f4 Ba4 21. Rc1 Rxc1+
22. Kxc1 Bb5 23. Nf3 Rc7+ 24. Kb1 Bxd3+ 25. Qxd3 Rc3 26. Nxc3 dxc3 27. Rh2 Nxf4
28. Qc4 Qe3 29. Qc8+ Bf8 30. Qxc3 Qxe4+ 31. Ka1 Nd3 32. Qc7 h5 33. Nd2 Qe5 34.
Nf3 Qg3 35. Rxh5 gxh5 36. g6 Qxg6 0-1

[Event "XIX Festival A"]
[Site "Arco ITA"]
[Date "2007.10.20"]
[Round "1"]
[White "Cracco, Pietro"]
[Black "Mombelli, Antonio"]
[Result "1/2-1/2"]
[WhiteElo "2041"]
[BlackElo "1717"]
[PlyCount "69"]
[EventDate "2007.10.20"]

1. Nf3 d5 2. g3 Nf6 3. Bg2 c5 4. d3 Nc6 5. O-O e5 6. Nbd2 Be7 7. e4 dxe4 8.
dxe4 O-O 9. c3 Qc7 10. a4 b6 11. Qe2 Na5 12. Re1 c4 13. Bf1 Ba6 14. b4 cxb3 15.
Qxa6 Qxc3 16. Rb1 Bc5 17. Bb2 Qb4 18. Qb5 Rad8 19. Nc4 Qxb5 20. axb5 Ng4 21.
Ne3 Nxe3 22. fxe3 f6 23. Bc3 Rd6 24. Bxa5 bxa5 25. Bc4+ Kh8 26. Bxb3 Rd3 27.
Bd5 Bxe3+ 28. Kg2 a4 29. Red1 Rc3 30. Ra1 a3 31. Ra2 Bc1 32. Rf2 Rb8 33. Ba2 h6
34. Rd5 Rbc8 35. Nd2 1/2-1/2

[Event "XIX Festival A"]
[Site "Arco ITA"]
[Date "2007.10.20"]
[Round "1"]
[White "De Napoli, Giuseppe"]
[Black "Kern, Beat"]
[Result "1-0"]
[WhiteElo "2033"]
[BlackElo "1694"]
[PlyCount "41"]
[EventDate "2007.10.20"]

1. d4 Nf6 2. Bf4 e6 3. Nf3 d5 4. e3 Be7 5. Bd3 Nbd7 6. Nbd2 c5 7. c3 O-O 8. Ne5
a6 9. Qf3 Qb6 10. Rb1 cxd4 11. exd4 Re8 12. O-O Nf8 13. Rfe1 Ng6 14. Bg3 Bd7
15. h4 Rac8 16. h5 Nf8 17. h6 g6 18. Bh4 Qd8 19. g4 Bb5 20. g5 Bxd3 21. gxf6
1-0

[Event "XIX Festival A"]
[Site "Arco ITA"]
[Date "2007.10.20"]
[Round "1"]
[White "De Nisi, Roberta"]
[Black "Margarius, Leonid"]
[Result "0-1"]
[WhiteElo "1845"]
[BlackElo "2232"]
[PlyCount "133"]
[EventDate "2007.10.20"]

1. d4 d5 2. c4 c6 3. cxd5 cxd5 4. Nc3 Nf6 5. f3 Nc6 6. e3 a6 7. Bd3 e5 8. dxe5
Nxe5 9. Nge2 Bc5 10. O-O O-O 11. Bc2 Re8 12. Nd4 b5 13. b3 Qb6 14. Nce2 Bd7 15.
Bb2 Nc6 16. Qd2 Re7 17. Kh1 Rae8 18. Nxc6 Qxc6 19. Nd4 Qd6 20. Rfe1 Re5 21. Re2
Rh5 22. g4 Rhe5 23. Rae1 Bb4 24. Bc3 Bxc3 25. Qxc3 Rc8 26. Qa5 g6 27. Bd3 Rce8
28. a4 bxa4 29. bxa4 Bc8 30. Qc3 Bxg4 31. fxg4 Nxg4 32. Nf3 Rh5 33. Qd4 Qg3 34.
Qf4 Nf2+ 35. Rxf2 Qxf2 36. Re2 Qf1+ 37. Ng1 Qa1 38. Rf2 Re7 39. Bxa6 Rhe5 40.
Bb5 Rxe3 41. Kg2 Kg7 42. Nf3 R3e4 43. Qd2 d4 44. h3 h6 45. Bc6 R4e6 46. Nxd4
Re1 47. Nf3 Rc1 48. Bb5 Rb1 49. Qd4+ Kh7 50. Qxa1 Rxa1 51. Nd4 f5 52. Rc2 h5
53. Re2 Rc7 54. Ne6 Ra7 55. Ng5+ Kg7 56. Re8 h4 57. Ne6+ Kf6 58. Nf4 g5 59.
Re6+ Kf7 60. Be8+ Kf8 61. Ng6+ Kg8 62. Ne7+ Kf8 63. Nxf5 Rc7 64. Bc6 Rc1 65.
Re8+ Kf7 66. Nd6+ Kg6 67. Be4+ {...} 0-1

[Event "XIX Festival A"]
[Site "Arco ITA"]
[Date "2007.10.20"]
[Round "1"]
[White "De Santis, Alessio"]
[Black "Castellano, Alfonso"]
[Result "1-0"]
[WhiteElo "2367"]
[BlackElo "1926"]
[PlyCount "65"]
[EventDate "2007.10.20"]

1. d4 Nf6 2. c4 g6 3. Nc3 Bg7 4. e4 d6 5. Be2 O-O 6. Bg5 Nbd7 7. Qd2 e5 8. d5
a5 9. f3 Nc5 10. h4 h5 11. O-O-O Bd7 12. g4 Qc8 13. Bxf6 Bxf6 14. gxh5 Kg7 15.
hxg6 fxg6 16. h5 g5 17. Bf1 Rh8 18. Bh3 Qe8 19. Bg4 Be7 20. Nge2 Qf8 21. Rdg1
Kh7 22. Kc2 Qf6 23. Ng3 Rhf8 24. Bxd7 Nxd7 25. Nf5 Bd8 26. Nd1 Nb6 27. Nde3 a4
28. Rh3 Qf7 29. Rhg3 Qd7 30. Rxg5 Bxg5 31. Rxg5 Rg8 32. Ng4 Qf7 33. Rxg8 1-0

[Event "XIX Festival A"]
[Site "Arco ITA"]
[Date "2007.10.20"]
[Round "1"]
[White "Donatini, Andrea"]
[Black "Bini, Gabriele"]
[Result "1-0"]
[WhiteElo "2044"]
[BlackElo "1736"]
[PlyCount "41"]
[EventDate "2007.10.20"]

1. c4 Nf6 2. Nc3 g6 3. g3 Bg7 4. Bg2 c6 5. Nf3 d5 6. cxd5 Nxd5 7. d4 Nd7 8. O-O
O-O 9. e4 N5b6 10. Bf4 Re8 11. Qb3 h6 12. a4 a5 13. Rfd1 g5 14. Be3 Qc7 15.
Rac1 e6 16. d5 exd5 17. exd5 Ra6 18. Nb5 Qb8 19. dxc6 bxc6 20. Rxc6 Bxb2 21.
Nd6 1-0

[Event "XIX Festival A"]
[Site "Arco ITA"]
[Date "2007.10.20"]
[Round "1"]
[White "Fragni, Enrico"]
[Black "Rigo, Gianfrancesco"]
[Result "0-1"]
[WhiteElo "1764"]
[BlackElo "2063"]
[PlyCount "96"]
[EventDate "2007.10.20"]

1. d4 Nf6 2. Nf3 e6 3. Nbd2 c5 4. c3 b6 5. e4 Bb7 6. Bd3 d6 7. Qc2 cxd4 8. cxd4
Nc6 9. a3 Be7 10. O-O Rc8 11. Qb1 h6 12. b4 O-O 13. Re1 Qc7 14. Bb2 Qb8 15. Qa2
d5 16. e5 Nd7 17. Nf1 Nd8 18. Rac1 Rxc1 19. Bxc1 f6 20. Bf4 fxe5 21. Bxe5 Bd6
22. Qe2 Nxe5 23. dxe5 Bc7 24. Nd4 Bc8 25. g3 Bd7 26. f4 Nb7 27. Qg4 Qe8 28. Bg6
Qe7 29. Nd2 a5 30. Rc1 Rc8 31. Rb1 axb4 32. axb4 b5 33. Kg2 Bb6 34. N2f3 Rc4
35. Rd1 Rxb4 36. Bc2 Qe8 37. Bg6 Qc8 38. Bb1 Qe8 39. Bg6 Qe7 40. Bc2 Nc5 41.
Qg6 Qf8 42. Nh4 Ne4 43. Bxe4 dxe4 44. Qxe4 Rc4 45. Nhf3 Bc6 46. Qe3 Qc5 47. Qb3
Bd5 48. Rd2 Rxd4 0-1

[Event "XIX Festival A"]
[Site "Arco ITA"]
[Date "2007.10.20"]
[Round "1"]
[White "Friedrich, Norbert"]
[Black "Papa, Angelo"]
[Result "1-0"]
[WhiteElo "2313"]
[BlackElo "1903"]
[PlyCount "52"]
[EventDate "2007.10.20"]

1. e4 g6 2. d4 Bg7 3. Nf3 d6 4. Be2 Nf6 5. Nc3 O-O 6. O-O c6 7. Re1 Qc7 8. a4
Nbd7 9. a5 e5 10. Bc4 Nxe4 11. Rxe4 d5 12. Bxd5 cxd5 13. Nxd5 Qd6 14. dxe5 Nxe5
15. Nxe5 Bxe5 16. Bf4 Bxf4 17. Rxf4 Qe5 18. Qd4 Qxd4 19. Rxd4 Be6 20. Rad1 Kg7
21. Nc7 Rac8 22. Nxe6+ fxe6 23. Rd7+ Kh6 24. c3 Rc5 25. Rxb7 Rxa5 26. h3 Raf5
1-0

[Event "XIX Festival A"]
[Site "Arco ITA"]
[Date "2007.10.20"]
[Round "1"]
[White "Grom, Waldemar"]
[Black "Sigillo, Carmelo"]
[Result "1-0"]
[WhiteElo "2014"]
[BlackElo "1595"]
[PlyCount "79"]
[EventDate "2007.10.20"]

1. c4 Nf6 2. Nc3 g6 3. Nf3 Bg7 4. d4 c5 5. d5 d6 6. e4 e6 7. Be2 exd5 8. exd5
O-O 9. O-O Re8 10. Bg5 h6 11. Bh4 g5 12. Bg3 Nh5 13. Bd3 Nxg3 14. hxg3 Bg4 15.
Rc1 Nd7 16. Bb1 Ne5 17. Ne4 Bh5 18. Qb3 Bg6 19. Rce1 Qd7 20. Re3 Ng4 21. Re2
Rab8 22. Qd1 b5 23. cxb5 Rxb5 24. b3 Rb4 25. Rfe1 Ne5 26. Nxe5 Bxe5 27. Nf6+
Bxf6 28. Rxe8+ Kg7 29. Bxg6 Kxg6 30. Qc2+ Kg7 31. R8e2 a5 32. a3 Rd4 33. Rd1
Qb7 34. Rxd4 Bxd4 35. Qc4 Qc8 36. b4 axb4 37. axb4 Qg4 38. Qd3 c4 39. Qe4 Qh5
40. Qxd4+ 1-0

[Event "XIX Festival A"]
[Site "Arco ITA"]
[Date "2007.10.20"]
[Round "1"]
[White "Hackbarth, Wolfgang"]
[Black "Dalla Vecchia, Paolo"]
[Result "1-0"]
[WhiteElo "2119"]
[BlackElo "1829"]
[PlyCount "75"]
[EventDate "2007.10.20"]

1. c4 e5 2. Nc3 Nf6 3. g3 Bb4 4. Bg2 Bxc3 5. bxc3 O-O 6. Nf3 Nc6 7. O-O Re8 8.
d4 e4 9. Nd2 e3 10. fxe3 Rxe3 11. Nb3 Rxc3 12. d5 Nb4 13. Qd4 Rxb3 14. axb3 Nc2
15. Qh4 Qe7 16. Ra2 Ne3 17. Bxe3 Qxe3+ 18. Kh1 d6 19. Rb2 g5 20. Qh6 Ng4 21.
Qh5 Nf2+ 22. Rxf2 Qxf2 23. Qxg5+ Kh8 24. Rb1 Qd4 25. Qd8+ Kg7 26. Rf1 Qe5 27.
Qxc7 Bf5 28. Qxb7 Re8 29. Qxa7 Re7 30. Qf2 Bc2 31. b4 Bb3 32. Qf4 Qxe2 33. c5
dxc5 34. bxc5 Ra7 35. c6 h6 36. Qd4+ Kg8 37. Qxa7 Bxd5 38. Qf2 1-0

[Event "XIX Festival A"]
[Site "Arco ITA"]
[Date "2007.10.20"]
[Round "1"]
[White "Henrichsen, Jens"]
[Black "Linz, Stefan"]
[Result "1-0"]
[WhiteElo "1982"]
[BlackElo "1584"]
[PlyCount "33"]
[EventDate "2007.10.20"]

1. d4 g6 2. c4 Bg7 3. Nc3 d6 4. e4 Nc6 5. Nf3 a6 6. Be2 Bd7 7. O-O e6 8. d5
Nce7 9. dxe6 Bxe6 10. Nd4 Bd7 11. f4 Nc6 12. Be3 Nxd4 13. Bxd4 f6 14. Nd5 Bc6
15. Qd2 Qd7 16. Bg4 Qf7 17. Be6 1-0

[Event "XIX Festival A"]
[Site "Arco ITA"]
[Date "2007.10.20"]
[Round "1"]
[White "Jensen, Leif"]
[Black "Dieli, Riccardo"]
[Result "0-1"]
[WhiteElo "2091"]
[BlackElo "1775"]
[PlyCount "78"]
[EventDate "2007.10.20"]

1. e4 c5 2. g3 g6 3. Bg2 Bg7 4. c3 Nc6 5. d3 d6 6. f4 Nf6 7. Nf3 O-O 8. O-O Bd7
9. Na3 a6 10. Be3 Ng4 11. Nc2 Nxe3 12. Nxe3 b5 13. Qc2 Rc8 14. Rad1 Nd4 15. Qf2
Nxf3+ 16. Bxf3 a5 17. Bg4 Bxg4 18. Nxg4 b4 19. Qd2 Rc6 20. f5 d5 21. fxg6 Rxg6
22. Nf2 Kh8 23. Qe3 d4 24. cxd4 Bxd4 25. Qe2 Rfg8 26. Kg2 e6 27. Qh5 Bxb2 28.
Qxc5 Qh4 29. Qe3 Be5 30. Rh1 Bxg3 31. hxg3 Rxg3+ 32. Kf1 Qxh1+ 33. Nxh1 Rxe3
34. Kf2 Rh3 35. d4 Rh2+ 36. Kf3 Rxa2 37. d5 exd5 38. exd5 Rd8 39. d6 b3 0-1

[Event "XIX Festival A"]
[Site "Arco ITA"]
[Date "2007.10.20"]
[Round "1"]
[White "Koelmans, Jan Willem"]
[Black "Collato, Luca"]
[Result "1/2-1/2"]
[WhiteElo "2008"]
[BlackElo "1512"]
[PlyCount "118"]
[EventDate "2007.10.20"]

1. d4 f5 2. g3 Nf6 3. Bg2 g6 4. Nf3 Bg7 5. O-O O-O 6. b3 d6 7. Bb2 Qe8 8. c4 c6
9. e3 Na6 10. a3 Ne4 11. Nbd2 Nac5 12. Qc2 Nxd2 13. Nxd2 Nd7 14. d5 Nf6 15.
Rac1 c5 16. b4 b6 17. Bc3 Bb7 18. bxc5 bxc5 19. Rb1 Rb8 20. Rb2 Ba6 21. Rxb8
Qxb8 22. Qa4 Qc8 23. Rb1 Nd7 24. Bxg7 Kxg7 25. Qc2 Qc7 26. h4 Rb8 27. Rxb8 Qxb8
28. h5 Ne5 29. Qc3 Kg8 30. h6 Qf8 31. Qa5 Nxc4 32. Qxa6 Nxd2 33. Qxa7 Kf7 34.
Qa5 Nc4 35. Qc3 Ne5 36. a4 Qxh6 37. a5 Qf8 38. Bf1 Qa8 39. Bg2 Qb7 40. Qa1 Qa6
41. Bf1 c4 42. Qa4 e6 43. dxe6+ Kxe6 44. Qe8+ Kd5 45. Qd8 Nc6 46. Qc7 Kc5 47.
Qxh7 Qxa5 48. Qxg6 Ne7 49. Qe6 c3 50. Qc4+ Kb6 51. Bd3 Qc5 52. Qb3+ Ka5 53.
Qa2+ Kb4 54. Qb1+ Ka3 55. Bc2 Qc4 56. Qa1+ Kb4 57. Qa4+ Kc5 58. Qa5+ Kc6 59.
Qa8+ Kc7 1/2-1/2

[Event "XIX Festival A"]
[Site "Arco ITA"]
[Date "2007.10.20"]
[Round "1"]
[White "Lazzaroni, Fabio"]
[Black "Allegranti, Luca"]
[Result "0-1"]
[WhiteElo "1697"]
[BlackElo "2040"]
[PlyCount "114"]
[EventDate "2007.10.20"]

1. e4 e6 2. d4 d5 3. Nc3 Nf6 4. e5 Nfd7 5. Nce2 c5 6. c3 Nc6 7. f4 Qb6 8. Nf3
Be7 9. g3 O-O 10. Bg2 f6 11. Bh3 Nd8 12. O-O fxe5 13. fxe5 cxd4 14. Nexd4 Nc5
15. Qe2 Ne4 16. Be3 Bc5 17. Rae1 a5 18. Nb3 Bxe3+ 19. Qxe3 Ra6 20. Qxb6 Rxb6
21. Re2 a4 22. Nbd4 Bd7 23. a3 Bb5 24. Nxb5 Rxb5 25. Nd4 Rb6 26. Rxf8+ Kxf8 27.
Nf3 Ke7 28. Kf1 Nc6 29. Bg2 h6 30. Kg1 g5 31. g4 Nc5 32. Rd2 Na5 33. Bf1 Ne4
34. Rc2 Nc5 35. Rd2 Nd7 36. Bd3 Nb3 37. Rf2 Nbc5 38. Bf1 Ne4 39. Rc2 Nf8 40.
Be2 Ng6 41. Kf1 Nf4 42. Nd2 Nc5 43. Nf3 Ncd3 44. Bxd3 Nxd3 45. h4 gxh4 46. Kg2
Rxb2 47. Rxb2 Nxb2 48. Nd2 Nd1 49. Kh3 Nxc3 50. Kxh4 Kf7 51. Kh5 Kg7 52. g5
hxg5 53. Kxg5 Nb5 54. Nb1 b6 55. Kf4 Kh6 56. Kg4 Kg6 57. Kf4 Kh5 0-1

[Event "XIX Festival A"]
[Site "Arco ITA"]
[Date "2007.10.20"]
[Round "1"]
[White "Maneschi, Giuseppe"]
[Black "Bortolotti, Silvano"]
[Result "1-0"]
[WhiteElo "2071"]
[BlackElo "1771"]
[PlyCount "117"]
[EventDate "2007.10.20"]

1. c4 c5 2. g3 g6 3. Bg2 Bg7 4. Nc3 e6 5. a3 Nc6 6. b4 cxb4 7. axb4 Nge7 8. b5
Ne5 9. Qb3 d5 10. cxd5 exd5 11. Ba3 Be6 12. d4 Ng4 13. Nf3 Nf6 14. Qb4 Rc8 15.
Rc1 Rc4 16. Qb3 O-O 17. O-O Re8 18. e3 Ne4 19. Qb2 f5 20. Nxe4 dxe4 21. Ng5 Bd5
22. Rxc4 Bxc4 23. Rc1 h6 24. Rxc4 hxg5 25. Rc5 b6 26. Rc1 Nd5 27. Qb3 Bf8 28.
Bf1 Kg7 29. Rc6 Bxa3 30. Qxa3 Qd7 31. Bc4 Ne7 32. Be6 Qb7 33. Rd6 Qb8 34. Rd7
Kf6 35. Bb3 f4 36. Qxa7 Qxa7 37. Rxa7 Rc8 38. gxf4 gxf4 39. exf4 Rd8 40. Rb7
Nd5 41. Bxd5 Rxd5 42. Rxb6+ Kf5 43. Rc6 Kxf4 44. Rxg6 Rxb5 45. Rf6+ Kg5 46. Re6
Kf5 47. Re5+ Rxe5 48. dxe5 Kxe5 49. Kg2 Kf4 50. h3 Kf5 51. Kg3 Kg5 52. h4+ Kh5
53. Kf4 Kxh4 54. Kxe4 Kg5 55. Ke5 Kg6 56. f3 Kg7 57. Kf5 Kf7 58. f4 Ke7 59. Kg6
1-0

[Event "XIX Festival A"]
[Site "Arco ITA"]
[Date "2007.10.20"]
[Round "1"]
[White "McClement, Andrew"]
[Black "Giovannini, Roberto"]
[Result "1/2-1/2"]
[WhiteElo "1594"]
[BlackElo "2013"]
[PlyCount "161"]
[EventDate "2007.10.20"]

1. d4 d5 2. Bf4 Bf5 3. e3 e6 4. c4 c6 5. Nc3 Nd7 6. Nf3 Ngf6 7. Be2 Be7 8. h3
Ne4 9. O-O O-O 10. Nd2 Ndf6 11. f3 Nxc3 12. bxc3 dxc4 13. e4 Bg6 14. Nxc4 Nd7
15. Rb1 b5 16. Ne5 Nxe5 17. Bxe5 Qa5 18. Qb3 a6 19. Rfc1 Rfc8 20. c4 Qd8 21.
Rd1 Ra7 22. a4 b4 23. c5 a5 24. Bc4 Rd7 25. Rd3 h6 26. Rbd1 Qe8 27. Kh1 Kh7 28.
g3 Rcd8 29. Kg2 Bf8 30. Bf4 Be7 31. R3d2 Bf6 32. Bd6 e5 33. d5 Rxd6 34. cxd6
Rxd6 35. dxc6 Rxd2+ 36. Rxd2 Qxc6 37. Rd5 Qc7 38. Qd3 Bg5 39. h4 Bc1 40. Rd7
Qc6 41. Bb3 Bb2 42. Rd5 Qb6 43. Rb5 Qa7 44. Bd5 f6 45. Rb7 Qc5 46. Rb8 Qc1 47.
Bg8+ Kh8 48. Bb3+ Kh7 49. Qc2 Qxc2+ 50. Bxc2 Bf7 51. Rb5 Bc3 52. Bd1 Ba2 53.
Rxa5 b3 54. Rb5 b2 55. Bc2 Bd4 56. Bd3 h5 57. a5 Be6 58. a6 Bd7 59. Ra5 Bc6 60.
a7 Ba8 61. Ra4 g5 62. Rb4 Bc6 63. Rb8 Bxa7 64. Rc8 Bb5 65. Rc7+ Kg6 66. Bb1 Bd4
67. f4 gxf4 68. gxf4 exf4 69. e5+ f5 70. e6 Kf6 71. Rf7+ Kxe6 72. Rxf5 Be2 73.
Rxf4 Kd5 74. Rf3 Kc5 75. Kg3 Kb4 76. Kf4 Bf6 77. Ke3 Bxf3 78. Kxf3 Kc3 79. Kg2
Bxh4 80. Bg6 Be1 81. Bf5 1/2-1/2

[Event "XIX Festival A"]
[Site "Arco ITA"]
[Date "2007.10.20"]
[Round "1"]
[White "Minniti, Giuseppe"]
[Black "Zucchelli, Massimo"]
[Result "0-1"]
[WhiteElo "1827"]
[BlackElo "2118"]
[PlyCount "98"]
[EventDate "2007.10.20"]

1. d4 d5 2. Nf3 Nf6 3. e3 e6 4. Bd3 Nbd7 5. Nbd2 Be7 6. O-O O-O 7. c3 c5 8. Qe2
Qc7 9. e4 dxe4 10. Nxe4 b6 11. Nxf6+ Nxf6 12. Bg5 Bb7 13. Ne5 Rad8 14. Rad1
cxd4 15. cxd4 Rxd4 16. Bxf6 Bxf6 17. Bxh7+ Kxh7 18. Qh5+ Kg8 19. Rxd4 Qxe5 20.
Qxe5 Bxe5 21. Rd7 Bd5 22. b3 a5 23. Rc1 Ra8 24. g3 Kf8 25. f4 Bd4+ 26. Kf1 Bc5
27. Rc7 a4 28. Rc3 axb3 29. axb3 Ra3 30. Rc8+ Ke7 31. Rh8 Bxb3 32. Rc1 Bd5 33.
Ke1 Ra2 34. Rh7 Bf2+ 35. Kf1 Bg2+ 36. Kxg2 Be3+ 37. Kh3 Bxc1 38. Rxg7 Ra8 39.
Rg5 Rb8 40. Rb5 Be3 41. Rb3 Bd4 42. g4 b5 43. Kg3 b4 44. h4 Kd6 45. Kf3 Kd5 46.
Ke2 Kc4 47. Rb1 Bc3 48. Kd1 Rd8+ 49. Kc1 b3 0-1

[Event "XIX Festival A"]
[Site "Arco ITA"]
[Date "2007.10.20"]
[Round "1"]
[White "Moncelli, Giorgio"]
[Black "Zenatto, Giuliano"]
[Result "1-0"]
[WhiteElo "2129"]
[BlackElo "1853"]
[PlyCount "87"]
[EventDate "2007.10.20"]

1. d4 d5 2. c4 c6 3. Nf3 Nf6 4. Nc3 g6 5. Bf4 Bg7 6. e3 O-O 7. Bd3 Nbd7 8. h3
dxc4 9. Bxc4 Nb6 10. Bb3 Nbd5 11. Bh2 e6 12. O-O Qe7 13. Qe2 Rd8 14. e4 Nb6 15.
Rfd1 Bd7 16. Qc2 c5 17. dxc5 Qxc5 18. Bd6 Qc8 19. Qe2 Bc6 20. Rac1 Ne8 21. Be5
Nf6 22. Nd4 Nbd7 23. Nxc6 bxc6 24. Bg3 Nb6 25. a4 Qb7 26. a5 Nbd7 27. Bc4 a6
28. Bf4 h6 29. Rd2 Nc5 30. Rxd8+ Rxd8 31. Be3 Nfd7 32. Rd1 Ra8 33. f4 Bxc3 34.
bxc3 Nxe4 35. Qc2 Ng3 36. Bxe6 Nf8 37. Bg4 Re8 38. Bf2 Ne4 39. Re1 f5 40. Bf3
Qe7 41. Qd3 Nd7 42. Qxa6 Ndc5 43. Qxc6 Nd3 44. Qd5+ 1-0

[Event "XIX Festival A"]
[Site "Arco ITA"]
[Date "2007.10.20"]
[Round "1"]
[White "Naumkin, Igor"]
[Black "Giuriato, Sergio"]
[Result "1-0"]
[WhiteElo "2486"]
[BlackElo "1990"]
[PlyCount "35"]
[EventDate "2007.10.20"]

1. d4 Nf6 2. c4 e6 3. Nf3 d5 4. Bg5 Be7 5. Nc3 Nbd7 6. e3 h6 7. Bh4 O-O 8. Rc1
c6 9. Bd3 dxc4 10. Bxc4 Nd5 11. Bxe7 Qxe7 12. Ne4 N5f6 13. Ng3 e5 14. O-O exd4
15. Nf5 Qb4 16. Qxd4 c5 17. Qd6 Ne4 18. Qg6 1-0

[Event "XIX Festival A"]
[Site "Arco ITA"]
[Date "2007.10.20"]
[Round "1"]
[White "Nicholson, John G."]
[Black "Ludovici, Roberto"]
[Result "1-0"]
[WhiteElo "2170"]
[BlackElo "1864"]
[PlyCount "43"]
[EventDate "2007.10.20"]

1. e4 c5 2. Nf3 d6 3. d4 cxd4 4. Nxd4 Nf6 5. Nc3 a6 6. a4 b6 7. Bd3 e6 8. O-O
Bb7 9. f4 Nbd7 10. Qe2 Nc5 11. Bd2 Be7 12. b4 Nxd3 13. cxd3 O-O 14. g4 Qd7 15.
g5 Ne8 16. f5 d5 17. e5 exf5 18. Nxf5 Bxb4 19. Qg4 Bc5+ 20. d4 Bxd4+ 21. Qxd4
Qc6 22. Ne7+ 1-0

[Event "XIX Festival A"]
[Site "Arco ITA"]
[Date "2007.10.20"]
[Round "1"]
[White "Nicolodi, Raoul"]
[Black "Ricci, Alfredo"]
[Result "0-1"]
[WhiteElo "1539"]
[BlackElo "2010"]
[PlyCount "96"]
[EventDate "2007.10.20"]

1. Nf3 d5 2. c4 e6 3. b3 Nf6 4. g3 c5 5. Bb2 b6 6. Bg2 Bb7 7. O-O Nc6 8. e3 Rc8
9. Na3 Be7 10. Qe2 O-O 11. Nc2 Ba6 12. d3 Qc7 13. Rfd1 Rfd8 14. e4 dxe4 15.
dxe4 e5 16. Ne3 Nd4 17. Nxd4 cxd4 18. Nd5 Nxd5 19. exd5 Bd6 20. Be4 Qd7 21. Qh5
g6 22. Qh4 b5 23. cxb5 Bxb5 24. Bc1 f5 25. Bg2 Be2 26. Re1 d3 27. Bg5 Re8 28.
Bf1 Bxf1 29. Rxf1 e4 30. Rac1 Rc5 31. Rxc5 Bxc5 32. Bh6 Qxd5 33. Qf6 Bd4 34.
Qg5 e3 35. fxe3 Bxe3+ 36. Qxe3 Rxe3 37. Bxe3 Qe4 38. Kf2 g5 39. Re1 g4 40. Bf4
Qf3+ 41. Kg1 h5 42. Rf1 Qe4 43. a3 Qd4+ 44. Kg2 Qb2+ 45. Rf2 Qxb3 46. Be3 Qd5+
47. Kg1 a6 48. Rb2 Qe5 0-1

[Event "XIX Festival A"]
[Site "Arco ITA"]
[Date "2007.10.20"]
[Round "1"]
[White "Paltrinieri, Nicholas"]
[Black "Schaefer, Michael"]
[Result "0-1"]
[WhiteElo "1891"]
[BlackElo "2247"]
[PlyCount "126"]
[EventDate "2007.10.20"]

1. f4 c5 2. Nf3 g6 3. e4 Bg7 4. Be2 Nc6 5. O-O d6 6. d3 Nf6 7. Nc3 O-O 8. Kh1
Rb8 9. a4 a6 10. Be3 b5 11. axb5 axb5 12. Qd2 b4 13. Nd1 c4 14. Nf2 c3 15. bxc3
bxc3 16. Qe1 Ng4 17. Nxg4 Bxg4 18. Bd1 Ra8 19. Rxa8 Qxa8 20. h3 Bxf3 21. Bxf3
Qa4 22. Qf2 Bd4 23. Bd1 Rb8 24. f5 Bxe3 25. Qxe3 Qd4 26. Qg3 Rb1 27. h4 Ne5 28.
fxg6 hxg6 29. h5 Kg7 30. Qf4 f6 31. hxg6 Nxg6 32. Qg3 Qe5 33. Qxe5 Nxe5 34. Kg1
Rb2 35. Rf2 Nc6 36. g3 Nd4 37. Kg2 e6 38. g4 Kg6 39. Kg1 Rb1 40. Rf1 Kg5 41.
Kf2 Kf4 42. Rg1 Rc1 43. g5 fxg5 44. Rg4+ Ke5 45. Rxg5+ Kf6 46. Rg1 Nxc2 47.
Bxc2 Rxc2+ 48. Ke3 e5 49. d4 Rh2 50. Rf1+ Ke7 51. dxe5 dxe5 52. Kd3 Rh3+ 53.
Kc2 Re3 54. Rd1 Ke6 55. Rd3 Rxe4 56. Kxc3 Kf5 57. Rf3+ Kg4 58. Rf1 Rd4 59. Rf2
Rd8 60. Rd2 Rxd2 61. Kxd2 Kf3 62. Kd3 e4+ 63. Kd2 Kf2 0-1

[Event "XIX Festival A"]
[Site "Arco ITA"]
[Date "2007.10.20"]
[Round "1"]
[White "Picone, Franco"]
[Black "Serafimov, Dimitar"]
[Result "0-1"]
[WhiteElo "1864"]
[BlackElo "2168"]
[PlyCount "98"]
[EventDate "2007.10.20"]

1. d4 d5 2. Nf3 Nf6 3. Bf4 Bf5 4. e3 e6 5. c4 c6 6. Qb3 Qb6 7. c5 Qxb3 8. axb3
Nbd7 9. Nc3 Nh5 10. Bc7 Rc8 11. Be5 f6 12. Bg3 a6 13. b4 g5 14. Be2 Bg6 15. Nd2
Nxg3 16. hxg3 Bg7 17. Bh5 Bxh5 18. Rxh5 e5 19. Nb3 O-O 20. Kd2 h6 21. g4 f5 22.
gxf5 Rxf5 23. Rf1 Rcf8 24. Ke2 Re8 25. Kd3 Rf7 26. Rhh1 Kh7 27. e4 exd4 28.
Nxd4 Ne5+ 29. Kc2 Nc4 30. Nf3 Kg6 31. exd5 Bxc3 32. Kxc3 cxd5 33. Re1 Rfe7 34.
Rxe7 Rxe7 35. Re1 Rxe1 36. Nxe1 Kf5 37. Kd4 Ke6 38. Nd3 h5 39. f3 h4 40. b3 Nd2
41. Kc3 Nf1 42. Kd4 Ng3 43. c6 b6 44. b5 Nf5+ 45. Kc3 axb5 46. Kb4 Nd4 47. Ne5
Kxe5 48. c7 Nc6+ 49. Kxb5 Ne7 0-1

[Event "XIX Festival A"]
[Site "Arco ITA"]
[Date "2007.10.20"]
[Round "1"]
[White "Pierangeli, Andrea"]
[Black "Zordan, Diego"]
[Result "1-0"]
[WhiteElo "2020"]
[BlackElo "1607"]
[PlyCount "59"]
[EventDate "2007.10.20"]

1. e4 d6 2. d4 Nf6 3. Nc3 c6 4. Nf3 Bg4 5. Be2 Nbd7 6. O-O e5 7. Be3 Be7 8.
dxe5 dxe5 9. Ne1 Bxe2 10. Qxe2 O-O 11. Rd1 Qc7 12. Nd3 Rfe8 13. Rd2 Rad8 14.
Rfd1 b5 15. a3 a6 16. f3 c5 17. Qf2 c4 18. Nb4 Bxb4 19. axb4 Rb8 20. g4 Nf8 21.
Bg5 N8d7 22. Qh4 Re6 23. Be3 h6 24. g5 hxg5 25. Bxg5 Nf8 26. Bxf6 Rxf6 27. Rg2
Rxf3 28. Qg4 Qb6+ 29. Kh1 Qf6 30. Nd5 1-0

[Event "XIX Festival A"]
[Site "Arco ITA"]
[Date "2007.10.20"]
[Round "1"]
[White "Rigo, Marco"]
[Black "Rettore, Ludwig"]
[Result "0-1"]
[WhiteElo "1882"]
[BlackElo "2177"]
[PlyCount "42"]
[EventDate "2007.10.20"]

1. e4 e5 2. Nf3 Nc6 3. d4 exd4 4. Nxd4 Nf6 5. f3 Bc5 6. Be3 Nxd4 7. Bxd4 Nxe4
8. Qe2 Bxd4 9. Qxe4+ Qe7 10. Qxe7+ Kxe7 11. c3 Bb6 12. Nd2 Re8 13. O-O-O Kf8
14. Bd3 d5 15. b4 a5 16. b5 c6 17. c4 Be6 18. Rhe1 g6 19. a4 Rac8 20. cxd5
cxd5+ 21. Bc2 Bf5 0-1

[Event "XIX Festival A"]
[Site "Arco ITA"]
[Date "2007.10.20"]
[Round "1"]
[White "Rossi, Paolo"]
[Black "Ager, Josef"]
[Result "0-1"]
[WhiteElo "1884"]
[BlackElo "2188"]
[PlyCount "98"]
[EventDate "2007.10.20"]

1. d4 Nf6 2. Nf3 g6 3. e3 Bg7 4. Bd3 d6 5. c3 Nbd7 6. Nbd2 O-O 7. O-O b6 8. Re1
Bb7 9. Qe2 a5 10. e4 e5 11. Nf1 exd4 12. cxd4 Re8 13. Qc2 Rc8 14. Ng3 c5 15. d5
c4 16. Bf1 Ng4 17. Bf4 Nge5 18. Nxe5 Nxe5 19. a4 Ba6 20. Bxe5 Bxe5 21. Ne2 Qf6
22. Nc3 Re7 23. Rab1 Bd4 24. Nd1 h5 25. b3 cxb3 26. Qxb3 Bxf1 27. Kxf1 Rec7 28.
Re2 Rc4 29. Qf3 Qxf3 30. gxf3 Rxa4 31. f4 Re8 32. e5 Rc4 33. exd6 Rd8 34. Ne3
Ra4 35. f5 Rxd6 36. fxg6 fxg6 37. Rb5 Kf7 38. Rc2 Rb4 39. Rxb4 axb4 40. Rc4
Bxe3 41. fxe3 Rxd5 42. Rxb4 b5 43. h4 Ke6 44. Kf2 Rf5+ 45. Kg3 Rc5 46. Kf3 Kd6
47. Ke4 Rc4+ 48. Rxc4 bxc4 49. Kd4 g5 0-1